[Event "Verden op-B"]
[Site "Verden"]
[Date "2023.01.06"]
[Round "4"]
[White "Lau, Robert"]
[Black "Struebel, Tobias"]
[Result "0-1"]
[WhiteElo "2189"]
[BlackElo "1305"]
[PlyCount "92"]
[EventDate "2023.01.05"]
[EventType "swiss"]
[EventRounds "7"]
[EventCountry "GER"]
[SourceTitle "CBM 212 Extra"]
[Source "ChessBase"]
[SourceDate "2023.03.31"]
[SourceVersion "1"]
[SourceVersionDate "2023.03.31"]
[SourceQuality "1"]

1. d4 d5 2. Nf3 c5 3. e3 Nc6 4. c4 cxd4 5. cxd5 Qxd5 6. Nc3 Qd8 7. Nxd4 Nxd4 8. exd4 Nf6 9. Bd3 e6 10. 0-0 Bd7 11. d5 exd5 12. Re1+ Be7 13. Bg5 0-0 14. Bxf6 Bxf6 15. Nxd5 Bc6 16. Nxf6+ Qxf6 17. Qc2 g6 18. Be4 Rac8 19. Bxc6 Rxc6 20. Qb3 Rb6 21. Qa3 Rxb2 22. Qxa7 b6 23. Rf1 Rxf2 24. Rxf2 Qxa1+ 25. Rf1 Qd4+ 26. Kh1 f5 27. h3 Rf7 28. Qa8+ Kg7 29. Qc6 Qc5 30. Qe6 Re7 31. Qb3 Re2 32. Qg3 Rxa2 33. Rd1 Ra7 34. Qb3 b5 35. Qb2+ Kh6 36. Qd2+ g5 37. h4 Rg7 38. Rc1 Qb6 39. Qd5 Qf2 40. Rc6+ Kh5 41. hxg5 Qh4+ 42. Kg1 Qxg5 43. Qf3+ Qg4 44. Qd5 Qe4 45. Rc5 Rxg2+ 46. Kf1 Qe2# 0-1

[Event "Niedersachsen-ch op-B"]
[Site "Verden"]
[Date "2016.01.04"]
[Round "3"]
[White "Lau, Robert"]
[Black "Schumacher, Klaus"]
[Result "1/2-1/2"]
[WhiteElo "1510"]
[BlackElo "1811"]
[PlyCount "160"]
[EventDate "2016.01.03"]
[EventType "swiss"]
[EventRounds "7"]
[EventCountry "GER"]
[SourceTitle "EXT 2018"]
[Source "ChessBase"]
[SourceDate "2017.10.13"]
[SourceVersion "1"]
[SourceVersionDate "2017.10.13"]
[SourceQuality "1"]

1. e4 c5 2. Nf3 Nc6 3. d4 cxd4 4. Nxd4 a6 5. Nc3 e6 6. Be3 Bb4 7. Bd3 Nge7 8. 0-0 0-0 9. Qe2 Ne5 10. Rad1 Nxd3 11. Qxd3 b5 12. Bg5 h6 13. Nc6 Qe8 14. Nxb4 hxg5 15. Qg3 a5 16. Nd3 b4 17. Nb5 Qd8 18. Qxg5 Qb6 19. Nf4 f6 20. Qh5 Ba6 21. Rxd7 Qxb5 22. Qxb5 Bxb5 23. Rxe7 Bxf1 24. Kxf1 e5 25. Nd5 Rf7 26. Re6 Rd7 27. Ke2 Kf7 28. Rc6 Kg6 29. Nb6 Ra6 30. Rxf6+ Kxf6 31. Nxd7+ Kg5 32. Nxe5 Kf4 33. Nd7 Rd6 34. Nc5 Rc6 35. Nd3+ Kxe4 36. f3+ Kd4 37. Kd2 g5 38. Nf2 Re6 39. Ne4 g4 40. c3+ bxc3+ 41. bxc3+ Kc4 42. Ng5 gxf3 43. Nxf3 a4 44. h3 a3 45. g4 Rf6 46. Ne5+ Kd5 47. Nd3 Rf3 48. g5 Rg3 49. h4 Rg2+ 50. Ke3 Kc4 51. g6 Kxc3 52. h5 Rg3+ 53. Kf4 Rg1 54. Ne5 Kb2 55. h6 Kxa2 56. h7 Kb1 57. h8Q Rf1+ 58. Kg3 a2 59. Qb8+ Ka1 60. Nd3 Rf3+ 61. Kg4 Rxd3 62. Qe5+ Kb1 63. Qb5+ Kc2 64. Qa4+ Kb2 65. g7 Rd8 66. Qb5+ Ka1 67. Qe5+ Kb1 68. Qe1+ Kb2 69. Qe2+ Ka1 70. Kg5 Rg8 71. Kg6 Rxg7+ 72. Kxg7 Kb1 73. Qd3+ Kb2 74. Qb5+ Ka1 75. Qa4 Kb1 76. Qb3+ Ka1 77. Qd1+ Kb2 78. Qd2+ Kb1 79. Qd3+ Kb2 80. Qe2+ Kb1 1/2-1/2

[Event "Niedersachsen-ch op-B"]
[Site "Verden"]
[Date "2015.01.02"]
[Round "2"]
[White "Grasser, Stefan"]
[Black "Lau, Robert"]
[Result "1/2-1/2"]
[WhiteElo "1784"]
[BlackElo "1465"]
[PlyCount "162"]
[EventDate "2015.01.02"]
[EventType "swiss"]
[EventRounds "7"]
[EventCountry "GER"]
[SourceTitle "EXT 2018"]
[Source "ChessBase"]
[SourceDate "2017.10.13"]
[SourceVersion "1"]
[SourceVersionDate "2017.10.13"]
[SourceQuality "1"]

1. c4 c5 2. Nc3 g6 3. g3 Bg7 4. Bg2 Nc6 5. e4 e6 6. Nge2 Nge7 7. 0-0 0-0 8. d3 b6 9. f4 Bb7 10. g4 f5 11. h3 a6 12. Be3 fxg4 13. hxg4 Qc7 14. Rb1 Rad8 15. Ng3 Nd4 16. Nce2 d5 17. cxd5 exd5 18. e5 Nxe2+ 19. Qxe2 d4 20. Bd2 Bxg2 21. Qxg2 Nd5 22. Rbe1 Nb4 23. Bxb4 cxb4 24. Rc1 Qd7 25. Ne4 Rc8 26. Rxc8 Rxc8 27. Nd6 Rf8 28. Qd5+ Kh8 29. e6 Qe7 30. Nf7+ Kg8 31. g5 Re8 32. Re1 Kf8 33. Kf2 Qc5 34. Qd6+ Qxd6 35. Nxd6 Re7 36. Kf3 h6 37. b3 Rc7 38. gxh6 Bxh6 39. f5 Ke7 40. Nf7 Be3 41. fxg6 Kxe6 42. Re2 Rc3 43. Ke4 Rc1 44. Rg2 Rg1 45. Ng5+ Kf6 46. Rxg1 Bxg1 47. Nf3 Bf2 48. g7 Kxg7 49. Nxd4 Kf7 50. Nc6 Ke6 51. Nxb4 a5 52. Nc6 Kd6 53. Nd4 Kc5 54. Nc2 Kd6 55. d4 Bg1 56. a4 Bf2 57. Ne3 Bg1 58. Nf5+ Kd7 59. Kd5 Bf2 60. Ng7 Bg3 61. Kc4 Bf2 62. Nf5 Bg1 63. d5 Bc5 64. Ng7 Kd6 65. Ne6 Bb4 66. Nd4 Bc5 67. Nc2 Ke5 68. b4 Bf2 69. bxa5 bxa5 70. Na3 Be1 71. Nb5 Bb4 72. Na7 Kd6 73. Nc6 Bd2 74. Kb5 Kxd5 75. Nxa5 Kd6 76. Nc6 Kc7 77. Nb4 Kb7 78. a5 Ka7 79. Nc6+ Ka8 80. a6 Be3 81. Ne7 Bf2 1/2-1/2

[Event "US Open-110"]
[Site "Indianapolis"]
[Date "2009.08.07"]
[Round "7"]
[White "Lau, Robert"]
[Black "Seitzer, Phillip M"]
[Result "1-0"]
[WhiteElo "2173"]
[BlackElo "1920"]
[PlyCount "105"]
[EventDate "2009.08.01"]
[EventType "swiss"]
[EventRounds "9"]
[EventCountry "USA"]
[SourceTitle "CBM 131 Extra"]
[Source "ChessBase"]
[SourceDate "2009.09.03"]
[SourceVersion "2"]
[SourceVersionDate "2009.09.16"]
[SourceQuality "1"]

1. e4 c5 2. Nf3 d6 3. d4 cxd4 4. Nxd4 Nf6 5. Nc3 g6 6. Be3 Bg7 7. f3 0-0 8. Qd2 Nc6 9. Bc4 Bd7 10. 0-0-0 Rc8 11. Bb3 Ne5 12. Kb1 Nc4 13. Bxc4 Rxc4 14. g4 b5 15. b3 b4 16. bxc4 bxc3 17. Qxc3 Qc7 18. Kc1 Rc8 19. Qd3 Qa5 20. Nb3 Qa3+ 21. Kd2 Be6 22. Nd4 Qa5+ 23. Qc3 Qa6 24. Ke1 Bxc4 25. Qd2 d5 26. g5 Nd7 27. exd5 Bxd5 28. Kf2 e6 29. h4 Qa4 30. c3 Ne5 31. Rc1 Qc4 32. Kg3 Bxf3 33. Rhf1 Bd5 34. Rb1 Qc7 35. Nb5 Qc4 36. Rf4 Qxa2 37. Qxa2 Bxa2 38. Ra1 Bd5 39. Bd4 Nc6 40. Bxg7 Kxg7 41. Rxf7+ Kxf7 42. Nd6+ Kg7 43. Nxc8 a5 44. Nb6 Bb3 45. Ra3 Bc2 46. Nc4 h6 47. Nxa5 Ne7 48. Nc4 hxg5 49. hxg5 Nc6 50. Ra6 Be4 51. Kf4 Bh1 52. Ne5 Ne7 53. c4 1-0

[Event "US Open-110"]
[Site "Indianapolis"]
[Date "2009.08.06"]
[Round "6"]
[White "Finegold, Benjamin"]
[Black "Lau, Robert"]
[Result "1-0"]
[WhiteElo "2513"]
[BlackElo "2173"]
[PlyCount "43"]
[EventDate "2009.08.01"]
[EventType "swiss"]
[EventRounds "9"]
[EventCountry "USA"]
[SourceTitle "CBM 131 Extra"]
[Source "ChessBase"]
[SourceDate "2009.09.03"]
[SourceVersion "2"]
[SourceVersionDate "2009.09.16"]
[SourceQuality "1"]

1. d4 d5 2. c4 e6 3. Nf3 Nf6 4. Nc3 Be7 5. Bg5 0-0 6. e3 Nbd7 7. Qc2 c6 8. Rd1 b6 9. Bd3 Bb7 10. 0-0 Rc8 11. Rfe1 h6 12. Bxf6 Nxf6 13. e4 dxe4 14. Nxe4 Nxe4 15. Bxe4 Qc7 16. c5 Rfd8 17. b4 a5 18. Ne5 axb4 19. Bh7+ Kf8 20. Nxf7 Kxf7 21. Qg6+ Kf8 22. Qxe6 1-0

[Event "US Open-110"]
[Site "Indianapolis"]
[Date "2009.08.06"]
[Round "6"]
[White "Lau, Robert"]
[Black "Magness, Trevor"]
[Result "1/2-1/2"]
[WhiteElo "2173"]
[BlackElo "2105"]
[PlyCount "219"]
[EventDate "2009.08.01"]
[EventType "swiss"]
[EventRounds "9"]
[EventCountry "USA"]
[SourceTitle "CBM 131 Extra"]
[Source "ChessBase"]
[SourceDate "2009.09.03"]
[SourceVersion "2"]
[SourceVersionDate "2009.09.16"]
[SourceQuality "1"]

1. e4 e5 2. Nf3 Nc6 3. Bb5 a6 4. Bxc6 dxc6 5. 0-0 Bg4 6. h3 h5 7. d3 Qf6 8. Nbd2 Ne7 9. Re1 Ng6 10. d4 Bd6 11. hxg4 hxg4 12. Nh2 Rxh2 13. Qxg4 Qh4 14. Qxh4 Rxh4 15. Nf3 Rh5 16. c3 0-0-0 17. g3 f6 18. Kg2 c5 19. dxe5 Bxe5 20. Be3 Bd6 21. Rh1 Rxh1 22. Rxh1 Re8 23. Rh7 Bf8 24. Nh4 Ne5 25. Rh8 Kd7 26. f3 b6 27. Bf4 Nd3 28. Ng6 Bd6 29. Rh7 Rg8 30. b3 Bxf4 31. Nxf4 Nxf4+ 32. gxf4 Ke6 33. Kf2 Kf7 34. Ke2 Rd8 35. Rh1 Ke6 36. Rg1 Rd7 37. f5+ Kf7 38. Rd1 Rd6 39. f4 g6 40. fxg6+ Kxg6 41. Rg1+ Kf7 42. Ke3 b5 43. Rg2 Rd1 44. Rd2 Re1+ 45. Kf3 Ke6 46. Rd5 Rf1+ 47. Kg3 Rg1+ 48. Kf2 Ra1 49. Rxc5 Rxa2+ 50. Ke3 Kd6 51. Rd5+ Ke6 52. b4 Ra1 53. Rh5 Re1+ 54. Kd4 Rd1+ 55. Ke3 Re1+ 56. Kd3 Rd1+ 57. Ke2 Rc1 58. Rc5 Kd6 59. Kd2 Rf1 60. Rd5+ Ke6 61. f5+ Ke7 62. Ke3 Re1+ 63. Kf4 Rf1+ 64. Ke3 Re1+ 65. Kf3 Rc1 66. Rd3 Ra1 67. Ke3 a5 68. bxa5 Rxa5 69. Rd2 Ra3 70. Kd4 Kd6 71. Rd3 c5+ 72. Ke3+ Kc6 73. Kd2 Ra2+ 74. Kd1 Ra4 75. Re3 Rc4 76. Kd2 Kd6 77. e5+ fxe5 78. Rh3 Rf4 79. Rh6+ Kd5 80. Rb6 Rf2+ 81. Ke3 Rxf5 82. Rxb5 Kc4 83. Ra5 Rf4 84. Ra3 Rf1 85. Ke2 Rh1 86. Ke3 Re1+ 87. Kd2 Rb1 88. Ra4+ Kb3 89. Re4 c4 90. Rxe5 Rb2+ 91. Kc1 Rc2+ 92. Kb1 Rd2 93. Kc1 Kxc3 94. Re3+ Rd3 95. Re2 Rh3 96. Rc2+ Kb4 97. Rb2+ Rb3 98. Rh2 Ra3 99. Rb2+ Kc5 100. Rh2 Rg3 101. Kc2 Kb4 102. Rf2 Ra3 103. Kb2 c3+ 104. Kb1 Kb3 105. Rb2+ Kc4 106. Rh2 Ra8 107. Rh7 Rb8+ 108. Kc2 Rb2+ 109. Kc1 Rb8 110. Kc2 1/2-1/2

[Event "US Open-110"]
[Site "Indianapolis"]
[Date "2009.08.05"]
[Round "5"]
[White "Lau, Robert"]
[Black "Hortillosa, Andres"]
[Result "1-0"]
[WhiteElo "2173"]
[BlackElo "2114"]
[PlyCount "64"]
[EventDate "2009.08.01"]
[EventType "swiss"]
[EventRounds "9"]
[EventCountry "USA"]
[SourceTitle "CBM 131 Extra"]
[Source "ChessBase"]
[SourceDate "2009.09.03"]
[SourceVersion "2"]
[SourceVersionDate "2009.09.16"]
[SourceQuality "1"]

1. e4 c5 2. Nf3 g6 3. d4 cxd4 4. Nxd4 Bg7 5. Nc3 Nc6 6. Be3 Nf6 7. Bc4 Qa5 8. 0-0 0-0 9. Bb3 d6 10. h3 Bd7 11. f4 Rac8 12. Qf3 e6 13. Rad1 Rcd8 14. Rd2 Ne7 15. g4 b5 16. f5 gxf5 17. gxf5 e5 18. Rg2 Kh8 19. Kh1 exd4 20. Bxd4 Nc6 21. Qg3 Rg8 22. Qxg7+ Rxg7 23. Bxf6 Rdg8 24. Rfg1 Be8 25. Bxg7+ Rxg7 26. Rxg7 Ne7 27. Bxf7 Bxf7 28. Rxf7 Qd8 29. Rgg7 Nxf5 30. exf5 Qa8+ 31. Rb7 Qc8 32. Rxh7+ Kg8 1-0

[Event "US Open-110"]
[Site "Indianapolis"]
[Date "2009.08.04"]
[Round "4"]
[White "Bercys, Salvijus"]
[Black "Lau, Robert"]
[Result "1/2-1/2"]
[WhiteElo "2434"]
[BlackElo "2173"]
[PlyCount "43"]
[EventDate "2009.08.01"]
[EventType "swiss"]
[EventRounds "9"]
[EventCountry "USA"]
[SourceTitle "CBM 131 Extra"]
[Source "ChessBase"]
[SourceDate "2009.09.03"]
[SourceVersion "2"]
[SourceVersionDate "2009.09.16"]
[SourceQuality "1"]

1. d4 d5 2. c4 e6 3. Nf3 Nf6 4. Nc3 Be7 5. Bg5 0-0 6. e3 Nbd7 7. a3 c6 8. Qc2 Re8 9. Rd1 b6 10. Bd3 Bb7 11. 0-0 Rc8 12. Ne5 h6 13. Bf4 Nxe5 14. Bxe5 Bd6 15. Bg3 Qe7 16. Rfe1 Bxg3 17. hxg3 c5 18. Qe2 cxd4 19. exd4 dxc4 20. Bxc4 Qc7 21. Ba6 Qc6 22. Bxb7 1/2-1/2

[Event "US Open-109"]
[Site "Dallas"]
[Date "2008.08.03"]
[Round "2"]
[White "Lau, Robert"]
[Black "Parry, Matthew"]
[Result "1/2-1/2"]
[WhiteElo "2151"]
[BlackElo "2270"]
[PlyCount "64"]
[EventDate "2008.08.02"]
[EventType "swiss"]
[EventRounds "9"]
[EventCountry "USA"]
[SourceTitle "CBM 125 Extra"]
[Source "ChessBase"]
[SourceDate "2008.09.01"]
[SourceVersion "1"]
[SourceVersionDate "2008.09.01"]
[SourceQuality "1"]

1. e4 e5 2. Nf3 Nc6 3. Bb5 a6 4. Bxc6 dxc6 5. 0-0 Ne7 6. c3 Ng6 7. d4 exd4 8. cxd4 Bg4 9. Be3 Nh4 10. Nbd2 Qf6 11. e5 Qe6 12. Ng5 Bxd1 13. Nxe6 fxe6 14. Raxd1 Be7 15. g3 Nf5 16. g4 Nxe3 17. fxe3 Rf8 18. Rxf8+ Kxf8 19. Ne4 Rd8 20. Rc1 Rd5 21. b3 c5 22. Nxc5 Bxc5 23. Rxc5 Rxc5 24. dxc5 Ke7 25. c6 bxc6 26. Kf2 Kd7 27. Ke2 c5 28. Kd3 Kc6 29. Kc4 g5 30. e4 Kb6 31. Kc3 Kb5 32. h3 a5 1/2-1/2

[Event "North American-ch U16"]
[Site "Aquascalientes"]
[Date "2007.10.06"]
[Round "4"]
[White "Aguirre Manzo, Leopoldo Antonio"]
[Black "Lau, Robert"]
[Result "0-1"]
[WhiteElo "2100"]
[BlackElo "2025"]
[PlyCount "78"]
[EventDate "2007.10.05"]
[EventType "swiss"]
[EventRounds "7"]
[EventCountry "MEX"]
[SourceTitle "CBM 120 Extra"]
[Source "ChessBase"]
[SourceDate "2007.11.01"]
[SourceVersion "1"]
[SourceVersionDate "2007.11.01"]
[SourceQuality "1"]

1. e4 e6 2. d4 d5 3. Nd2 Nf6 4. e5 Nfd7 5. Bd3 c5 6. c3 Nc6 7. Ngf3 cxd4 8. cxd4 f6 9. Ng5 Ndxe5 10. dxe5 fxg5 11. Qh5+ Kd7 12. Nf3 Bb4+ 13. Ke2 h6 14. h4 gxh4 15. Rxh4 Be7 16. Rh1 Kc7 17. Qg4 g5 18. Be3 Bd7 19. a3 Rc8 20. b4 Kb8 21. Rac1 Qg8 22. Rb1 b6 23. Qg3 Qg7 24. Bb5 g4 25. Ke1 Qh7 26. Nd2 h5 27. a4 Qf5 28. Qf4 Qxf4 29. Bxf4 Rc7 30. Bxc6 Bxc6 31. b5 Be8 32. Nb3 Rc4 33. Be3 Bg6 34. Rc1 Rhc8 35. Rxc4 Rxc4 36. Nd4 Bc5 37. Nc6+ Kc7 38. Ke2 d4 39. Bg5 d3+ 0-1

[Event "North American-ch U16"]
[Site "Aquascalientes"]
[Date "2007.10.06"]
[Round "3"]
[White "Lau, Robert"]
[Black "Medina Garcia, Manuel Alvaro"]
[Result "1-0"]
[WhiteElo "2025"]
[BlackElo "1969"]
[PlyCount "63"]
[EventDate "2007.10.05"]
[EventType "swiss"]
[EventRounds "7"]
[EventCountry "MEX"]
[SourceTitle "CBM 120 Extra"]
[Source "ChessBase"]
[SourceDate "2007.11.01"]
[SourceVersion "1"]
[SourceVersionDate "2007.11.01"]
[SourceQuality "1"]

1. e4 c6 2. d4 d5 3. e5 Bf5 4. Nf3 e6 5. Be2 Nd7 6. 0-0 c5 7. c3 a6 8. a4 Ne7 9. Nh4 Bg6 10. Nd2 Nf5 11. Nxg6 hxg6 12. Nf3 Be7 13. a5 f6 14. exf6 gxf6 15. c4 Qc7 16. dxc5 Nxc5 17. cxd5 0-0-0 18. b4 Ne4 19. Bb2 Rxd5 20. Qe1 Kb8 21. g3 Qc2 22. Rb1 g5 23. g4 Nh4 24. Nd4 Qc7 25. f4 Qd7 26. Bb5 axb5 27. Qxe4 e5 28. fxe5 fxe5 29. Nf5 Nxf5 30. Bxe5+ Rxe5 31. Qxe5+ Bd6 32. Qxh8+ 1-0

[Event "World ol U16 06th"]
[Site "Singapore"]
[Date "2007.08.11"]
[Round "9"]
[White "Guo, Emma"]
[Black "Lau, Robert"]
[Result "0-1"]
[WhiteElo "1747"]
[BlackElo "2025"]
[PlyCount "56"]
[EventDate "2007.08.05"]
[EventType "team-swiss"]
[EventRounds "10"]
[EventCountry "SIN"]
[SourceTitle "EXT 2008"]
[Source "ChessBase"]
[SourceDate "2007.11.25"]
[SourceVersion "1"]
[SourceVersionDate "2007.11.25"]
[SourceQuality "1"]

1. e4 e6 2. d4 d5 3. e5 c5 4. c3 Nc6 5. Nf3 Bd7 6. Bd3 Qc7 7. 0-0 h6 8. Be3 0-0-0 9. Nbd2 f5 10. h4 Be8 11. Be2 Bh5 12. a4 Qf7 13. a5 f4 14. a6 fxe3 15. axb7+ Kb8 16. fxe3 Qxb7 17. Qa4 Be8 18. Bb5 Bd7 19. Ba6 Qb6 20. Qc2 Bc8 21. Be2 Nge7 22. Ra2 Nf5 23. Kf2 Be7 24. Rfa1 g5 25. h5 g4 26. Ne1 g3+ 27. Kg1 cxd4 28. exd4 Nxe5 0-1

[Event "Las Vegas National op"]
[Site "Las Vegas"]
[Date "2007.06.08"]
[Round "2"]
[White "Collyer, Curt D"]
[Black "Lau, Robert"]
[Result "1-0"]
[WhiteElo "2212"]
[BlackElo "2023"]
[PlyCount "88"]
[EventDate "2007.06.08"]
[EventType "swiss"]
[EventRounds "6"]
[EventCountry "USA"]
[SourceTitle "CBM 118 Extra"]
[Source "ChessBase"]
[SourceDate "2007.07.04"]
[SourceVersion "1"]
[SourceVersionDate "2007.07.04"]
[SourceQuality "1"]

1. d4 Nf6 2. c4 g6 3. Nc3 d5 4. Nf3 Bg7 5. Bg5 Ne4 6. cxd5 Nxg5 7. Nxg5 e6 8. Qd2 h6 9. Nf3 exd5 10. e3 0-0 11. Be2 c6 12. 0-0 Qe7 13. a3 Bf5 14. b4 Nd7 15. b5 Rac8 16. bxc6 bxc6 17. Rfc1 Nf6 18. Na4 Ne4 19. Qb4 c5 20. Qe1 g5 21. Ba6 Rc7 22. Qa5 Re8 23. Ra2 g4 24. Ne1 Bc8 25. Bb5 Rd8 26. Nxc5 Nxc5 27. dxc5 d4 28. exd4 Bxd4 29. Re2 Be6 30. Rd2 Bf6 31. Rxd8+ Qxd8 32. Nd3 Bf5 33. Rd1 Kg7 34. Qa4 Qe7 35. c6 Bg5 36. Nf4 Bc2 37. Nh5+ Kg6 38. Qxc2+ Kxh5 39. h3 Qe5 40. hxg4+ Kh4 41. g3+ Kxg4 42. Be2+ Kh3 43. Bf1+ Kg4 44. Rd4+ Qxd4 1-0

[Event "Las Vegas National op"]
[Site "Las Vegas"]
[Date "2007.06.08"]
[Round "1"]
[White "Lau, Robert"]
[Black "Enkhbat, Tegshsuren"]
[Result "0-1"]
[WhiteElo "2023"]
[BlackElo "2379"]
[PlyCount "112"]
[EventDate "2007.06.08"]
[EventType "swiss"]
[EventRounds "6"]
[EventCountry "USA"]
[SourceTitle "CBM 118 Extra"]
[Source "ChessBase"]
[SourceDate "2007.07.04"]
[SourceVersion "1"]
[SourceVersionDate "2007.07.04"]
[SourceQuality "1"]

1. e4 c6 2. d4 d5 3. e5 Bf5 4. Nf3 e6 5. Be2 Nd7 6. 0-0 Bg6 7. c3 Nh6 8. Bxh6 gxh6 9. Nbd2 Be7 10. Ne1 c5 11. Qb3 c4 12. Qd1 0-0 13. f4 Qb6 14. Qc1 f6 15. Nef3 fxe5 16. fxe5 Rac8 17. h4 Kh8 18. Rf2 Rg8 19. Nf1 Be4 20. N1h2 Rg6 21. Bd1 Rcg8 22. Ba4 Qd8 23. h5 Bg5 24. Qe1 R6g7 25. Bc2 Bxc2 26. Rxc2 Bf4 27. Kh1 Rg3 28. Rf2 Qe8 29. Ng1 Re3 30. Qd2 Bg5 31. Qd1 Rd3 32. Qa4 a6 33. Raf1 Rg7 34. Rf8+ Qxf8 35. Rxf8+ Nxf8 36. Qe8 Kg8 37. Nhf3 Bf4 38. Qd8 Rd1 39. Qh4 Bg3 40. Qd8 Bf2 41. b3 cxb3 42. axb3 b5 43. Qf6 Bxg1 44. Nxg1 Rf7 45. Qxh6 Rff1 46. Qg5+ Kf7 47. Kh2 Rxg1 48. h6 Rh1+ 49. Kg3 Rd3+ 50. Kf2 Rxc3 51. b4 Rc2+ 52. Ke3 Ra2 53. Qg7+ Ke8 54. Qc7 Rxh6 55. g4 Rh3+ 56. Kf4 Rf2+ 0-1